Sports of the world - Statistics

General Stats
  • This quiz has been taken 481 times
    470 since last reset
  • The average score is 34 of 130
Answer Stats
Answer % Correct
Soccer
98%
Basketball
89%
Baseball
87%
Tennis
81%
Ice Hockey
80%
Swimming
79%
American Football
77%
Hockey
74%
Cricket
73%
Volleyball
67%
Table Tennis
63%
Wrestling
62%
Skiing
60%
Boxing
59%
Golf
59%
Diving
56%
Karate
54%
Gymnastics
52%
Handball
52%
Archery
50%
Marathon
50%
Cycling
49%
Water Polo
49%
Judo
48%
Athletics
47%
Polo
47%
Taekwondo
46%
Lacrosse
44%
Javelin
43%
Long Jump
43%
Softball
43%
Skateboarding
42%
Curling
41%
High Jump
40%
Snowboarding
40%
Discus
37%
Fencing
37%
Squash
36%
Equestrian
35%
Sailing
35%
Shot put
35%
Australian Football
32%
Beach Volleyball
32%
Bowling
32%
Rugby Union
32%
Surfing
32%
Chess
31%
Darts
31%
Ice Skating
30%
Triathlon
30%
Weightlifting
30%
Mixed Martial Arts (MMA)
28%
Rugby League
28%
Canoeing
26%
Hammer Throw
26%
Kayaking
26%
Sumo Wrestling
26%
Hurdles
23%
Netball
23%
Pool
23%
BMX
22%
Formula 1
22%
Snooker
21%
Luge
19%
Skeleton
18%
Hurling
17%
Kickboxing
17%
Gaelic
16%
Jiu-Jitsu
16%
Ski Jumping
16%
Decathlon
15%
Dodgeball
15%
Bobsleigh
14%
Billiards
13%
Dressage
13%
Rugby Sevens
10%
Steeplechase
10%
Badmington
9%
Jai Alai
9%
Muay Thai
9%
Skeet Shooting
9%
Ultimate Frisbee
9%
Bocce
8%
Futsal
8%
Mountain Biking
8%
Water Skiing
8%
Beach Soccer
7%
Kendo
7%
Poker
7%
Show Jumping
7%
Kabaddi
6%
Kickball
6%
Disc Golf
5%
Dragon Boat Racing
5%
Floorball
5%
Korfball
5%
Parkour
5%
Shinty
5%
Bodybuilding
4%
Lawn Bowls
4%
Bouldering
3%
Clay Pigeon Shooting
3%
Paint Ball
3%
Rodeo
3%
Tenpin Bowling
3%
Tug Of War
3%
Bandy
2%
Bull Fighting
2%
Race Walking
2%
Roller Hockey
2%
Sepak Takraw
2%
Bull Riding
1%
Camel Racing
1%
Chess Boxing
1%
Laser Tag
1%
Pesapallo
1%
Sipa
1%
Tee-Ball
1%
Drone Racing
0%
Eight Ball Pool
0%
Jugger
0%
Knife Throwing
0%
Novuss
0%
Oina
0%
Rolley Skating
0%
Roxing
0%
Table Football
0%
Teqball
0%
No matching quizzes found
Score Distribution
Percent of People with Each Score
Percentile by Number Answered
Your Score History
You have not taken this quiz since the last reset